000
00228nam a2200085Ia 4500
008
180219s9999 xx 000 0 und d
100
_a
Mishra B K
245
0
_a
Teaching And Issued In Indian Education
260
_a
Vinay Rakheja R. Lall Meerut
260
_c
2013
999
_c
42211
_d
42211